Online Catalogue and eLibrary

Densil Kombakaduwa (Record no. 5289)

MARC details
000 -LEADER
fixed length control field 00385nam a2200157Ia 4500
005 - DATE AND TIME OF LATEST TRANSACTION
control field 20250321051517.0
008 - FIXED-LENGTH DATA ELEMENTS--GENERAL INFORMATION
fixed length control field 240331s9999 xx 000 0 und d
020 ## - INTERNATIONAL STANDARD BOOK NUMBER
ISBN 9559529854
082 ## - DDC Classification
Item Number - Author Mark JAY
Class No. 920
100 ## - MAIN ENTRY--PERSONAL NAME
Personal name Jayakody,S
245 #0 - TITLE STATEMENT
Title Densil Kombakaduwa
260 ## - PUBLICATION, DISTRIBUTION, ETC.
Place of publication, distribution, etc. Sri Lanka
Name of publisher, distributor, etc. Super print
Date of publication, distribution, etc. 1994
300 ## - PHYSICAL DESCRIPTION
Extent (e.g. Volumes, Pages etc.) 209 p .,
500 ## - GENERAL NOTE
General note A Story of Densil Kombakaduwa
942 ## - Koha item type (Biblio)
Koha item type Books in Stacks (Lending)
Holdings
Lost status Damaged status Collection code Home library Current library Shelving location Date acquired Full call number Accession Number Item type
    Lending WERC Library WERC Library Social Science Cupboard 03/31/2024 920 JAY 3454 Books in Stacks (Lending)

© WERC Library